Central Library OPAC University of Rajshahi

Rossetti / (Record no. 19776)

MARC details
000 -LEADER
fixed length control field 00723nam a2200241I 4500
001 - CONTROL NUMBER
control field 19776
003 - CONTROL NUMBER IDENTIFIER
rucl marc code BD-RjUL
005 - DATE AND TIME OF LATEST TRANSACTION
control field 20211209000457.0
008 - FIXED-LENGTH DATA ELEMENTS--GENERAL INFORMATION
fixed length control field 140225s1904 ii eng d
035 ## - SYSTEM CONTROL NUMBER
System control number (BD-RjUL)19837
040 ## - CATALOGING SOURCE
Transcribing agency WSU
Modifying agency m.c.
-- BOS
Original cataloging agency BD-RjUL
Language of cataloging eng
041 ## - LANGUAGE CODE
Language code of text/sound track or separate title eng
082 00 - DEWEY DECIMAL CLASSIFICATION NUMBER
Classification number 821.8
Author mark and year BES 1904
090 ## - LOCALLY ASSIGNED LC-TYPE CALL NUMBER (OCLC); LOCAL CALL NUMBER (OCLC)
Classification number (OCLC) (R) ; Classification number, CALL (RLIN) (NR) PR5246
Local cutter number (OCLC) ; Book number/undivided call number, CALL (RLIN) F04
100 1# - MAIN ENTRY--PERSONAL NAME
Personal name Benson, Arthur Christopher,
Dates associated with a name 1862-1925.
9 (RLIN) 55717
245 10 - TITLE STATEMENT
Title Rossetti /
Statement of responsibility, etc. Arthur Christopher, Benson
260 ## - PUBLICATION, DISTRIBUTION, ETC. (IMPRINT)
Place of publication, distribution, etc. New York;
Name of publisher, distributor, etc. The Macmillan company :
Place of publication, distribution, etc. London ;
Name of publisher, distributor, etc. Macmillan & co., ltd.,
Date of publication, distribution, etc. 1904.
300 ## - PHYSICAL DESCRIPTION
Pagination 238 p.;
Size 23 cm.
490 0# - SERIES STATEMENT
Series statement English men of letters.
600 10 - SUBJECT ADDED ENTRY--PERSONAL NAME
Personal name Rossetti, Dante Gabriel,
Dates associated with a name 1828-1882.
942 ## - ADDED ENTRY ELEMENTS (KOHA)
Source of classification or shelving scheme Dewey Decimal Classification
Koha item type Books
Holdings
Lost status Source of classification or shelving scheme Damaged status Not for loan Collection code Permanent Location Current Location Shelving location Date acquired Source of acquisition Cost, normal purchase price Total Checkouts Full call number Date last seen Copy number Koha item type
  Dewey Decimal Classification   Not For Loan Fiction Central Library, University of Rajshahi Central Library, University of Rajshahi Reading Room 13/05/1967 University Book Agency. 5.00   821.8 BER 1904 25/02/2014 C-1 Books